Statistics for Countries by Clue #1

Click here to take the quiz!

General Stats

  • This quiz has been taken 105,305 times
  • The average score is 18 of 22

Answer Stats

Clues Country % Correct
Uncle Sam, Superpower, Coca-ColaUnited States
99%
Maple Leaf, Mounties, MooseCanada
97%
Beer, Bratwurst, BachGermany
94%
Gandhi, Ganges, CricketIndia
94%
Ferrari, Tuscany, GnocchiItaly
93%
Yogurt, Acropolis, SantoriniGreece
93%
Stiff Upper Lip, Stonehenge,
David Beckham
United Kingdom
91%
Manga, Shinto, TsunamiJapan
90%
Tequila, Chupacabra, TenochtitlanMexico
90%
Caribbean Sea, Sprinters, ReggaeJamaica
89%
Alpine Skiing, Mozart, CoffeeAustria
85%
Kiwis, Road to Mordor, All BlacksNew Zealand
82%
Coffee, Shakira, TejoColombia
81%
Springboks, Biltong, AfrikaansSouth Africa
81%
Fjords, Oil, Winter OlympicsNorway
81%
Andes, Tierra del Fuego, Easter IslandChile
78%
Mesopotamia, Missing WMD's,
Kurdish Minority
Iraq
76%
Genghis, Nomads, SteppeMongolia
74%
Java, Suharto, KrakatoaIndonesia
68%
Canal, Balboa, NoriegaPanama
61%
Indus River, Benazir Bhutto, K2Pakistan
60%
Dachas, Duma, Lake BaikalRussia
58%

Score Distribution

Percentile by Number Answered

Percent of People with Each Score

Your Score History

You have not taken this quiz